Представление документа в формате RUSMARC

ПолеНазваниеЗначение
  Тип записи a
  Библиографический уровень m
001 Контрольный номер RU/УОНБ/EK_R/394469148
005 Дата корректировки 20260331120117.4
010 Индекс ISBN __
d Цена 90 к.
9 Тираж 3000 экз.
100 Данные общей обработки __
a Данные общей обработки 20120701d1952 u y0rusy0189||||ca
101 Язык документа 0_
a Язык текста rus
102 Страна публикации __
a Страна публикации RU
105 Кодированные данные (монография) __
a Кодированные данные (монография) y z 000yy
200 Заглавие и сведения об ответственности 1_
a Заглавие Выращивание семян многолетних трав в Ульяновской области
f Первые сведения об ответственности П.А. Захребетков
203 Вид содержания и тип средства __
a Вид содержания Текст
b Характеристика содержания визуальный
c Тип средства непосредственный
c Тип средства электронный
210 Выходные данные 1_
a Место издания [Ульяновск]
c Издательство Ульян. правда
d Дата издания 1952
215 Физическое описание __
a Объем 55 с.
d Формат 19 см
325 Примечание о копии 1_
a Текст примечания Имеется электрон. копия
9 б-37311
337 Примечание о системных требованиях (электронные ресурсы) __
a Примечание о системных требованиях (электронные ресурсы) Режим доступа: для авториз. пользователей
606 Тематические рубрики 0_
a Основная рубрика Кормовые травы многолетние
x Основная подрубрика Семеноводство
y Географическая подрубрика Ульяновская область
610 Ключевые слова 0_
a Ключевые слова кормовые травы
610 Ключевые слова 0_
a Ключевые слова семеноводство
686 Индексы других классификаций __
a Классификационный индекс 42.22-3
2 Код системы rubbk
700 Автор _1
a Фамилия Захребетков
b Имя (инициалы) П.А.
g Полное личное имя Павел Артемович
801 Источник записи _0
a Страна RU
b Организация Ульяновская ОНБ
c Дата составления 20120701
g Правила каталогизации RCR
801 Источник записи _1
a Страна RU
b Организация Ульяновская ОНБ
c Дата составления 20120701
g Правила каталогизации RCR
900 Электронные ресурсы __
a Имя электронного ресурса Обложка из ЭЛД-5327-Захребетков П. А. Выращивание семян многолетних трав в Ульяновской области-2
900 Электронные ресурсы __
a Имя электронного ресурса Содержание из ЭЛД-5327-Захребетков П. А. Выращивание семян многолетних трав в Ульяновской области
900 Электронные ресурсы __
a Имя электронного ресурса ЭЛД-5327-Захребетков П. А. Выращивание семян многолетних трав в Ульяновской области
901 Тип документа __
t Тип документа m
909 Создатель записи __
a Создатель записи Носова
910 Корректоры записи __
a Корректор записи Егорова Т. С.
b Дата внесения изменения в запись 20260331
9 б-37311
935 Информация о редкой книге __
a Статус редкой книги РК
938 Служебная информация __
a Имя БД retro
b Имя библиотеки УОНБ
c Имя АИБС МАРК-SQL
d Номер DOC_ID в БД 40994